American Landmarks Quiz Stats

 Plays Quiz Updated Apr 3, 2018

Score 0/30 Timer 07:00
12 Plays Today
# Landmark % Correct
1Mt. Rushmore
96%
8White House
95.7%
10Statue of Liberty
95.3%
16Golden Gate Bridge
91.5%
17Grand Canyon
90.5%
5Times Square
88.5%
18Empire State Building
88.5%
21Liberty Bell
87.6%
4Alcatraz
84.6%
6Old Faithful
84.5%
15Hoover Dam
83.2%
2The Alamo
78%
3Brooklyn Bridge
77.9%
24Washington Monument
76.3%
11US Capitol
73%
# Landmark % Correct
19Gateway Arch
72.9%
14Epcot
72.1%
20Space Needle
70.4%
12Willis Tower
67.1%
28Lincoln Memorial
66.5%
23Disneyland
62%
25Jefferson Memorial
56.4%
27Walk of Fame
55.8%
13Monticello
40.8%
9Grauman's Chinese Theatre
40.3%
29Independence Hall
31.8%
22Cloud Gate
30.3%
7Fallingwater
26.3%
30Yosemite Falls
23.8%
26Stone Mountain
14.9%

You're not logged in!

Compare scores with friends on all Sporcle quizzes.
OR
Log In

You Might Also Like...

Show Comments

Extras

Top Quizzes Today


Score Distribution

Your Account Isn't Verified!

In order to create a playlist on Sporcle, you need to verify the email address you used during registration. Go to your Sporcle Settings to finish the process.

Report this User

Report this user for behavior that violates our Community Guidelines.

Details: